Parques Naturales de Andalucía - Estadísticas

Estadísticas generales
  • Esta prueba ha sido intentada 166 veces
  • La puntuación promedio es 9 de 24
Estadísticas de respuestas
Provincias Parques Naturales Declaración Superficie Municipios % Correcto
Provincias de Huelva, Sevilla y Cádiz Parque Natural Doñana 28/07/1989 68.236 ha Almonte, Hinojos, Lucena del Puerto, Moguer y Palos de la Frontera en Huelva.Aznalcázar, Isla Mayor, Pilas, Puebla del Río y Villamanrique de la Condesa en Sevilla y Sanlúcar de Barrameda en Cádiz.
83%
Provincias de Granada y Almería Parque Natural de Sierra Nevada 28/07/1989 86.355 ha En Granada: Aldeire, Alpujarra de la Sierra, Bérchules, Bubión, Busquístar, Cádiar, La Calahorra, Cáñar, Capileira, Carataunas, Cástaras, Cogollos de Guadix, Dílar, Dólar, Dúrcal, Ferreira, Gójar, Güejar-Sierra, Huéneja, Jerez del Marquesado, Juviles, Lanjarón, Lanteira, Lecrín, Lugros, Monachil, Nevada, Nigüelas, Órgiva, Padul, Pampaneira, Pórtugos, Soportújar, La Taha, Trevélez, Válor y La Zubia.En Almería: Abla, Abrucena, Alboloduy, Alhabia, Almócita, Alsodux, Bayárcal, Beires, Bentarique, Canjáyar, Fiñana, Fondón, Illar, Instinción, Láujar de Andarax, Nacimiento, Ohanes, Padules, Paterna del Río, Rágol, Santa Cruz, Terque y Las Tres Villas.
76%
Provincia de Sevilla Parque Natural Sierra Morena de Sevilla 28/07/1989 177.484 ha El Real de la Jara, Almadén de la Plata, Cazalla de la Sierra, Constantina, El Pedroso, Las Navas de la Concepción, San Nicolás del Puerto, La Puebla de los Infantes, Alanís y Guadalcanal
67%
Provincia de Almeria Parque Natural Cabo de Gata - Níjar 27/01/1988 49.512 ha Almería, Carboneras y Níjar
62%
Provincia de Jaén Parque Natural Sierras de Cazorla, Segura y Las Villas 28/07/1989 209.762 ha Beas de Segura, Benatae, Cazorla, Chilluévar, Génave, Hinojares, Hornos de Segura, Huesa, La Iruela, Iznatoraf, Orcera, Peal de Becerro, Pozo Alcón, Puerta de Segura, Quesada, Santiago-Pontones, Santo Tomé, Segura de la Sierra, Siles, Sorihuela del Guadalimar, Torres de Albanchez, Villacarrillo y Villanueva del Arzobispo
60%
Provincias de Cádiz y Málaga Parque Natural Sierra de Grazalema 13/02/1985 53.411 ha Zahara de la Sierra, Villaluenga del Rosario, Benaocaz, Grazalema, Ubrique, El Bosque, Prado del Rey, El Gastor y Algodonales en la provincia de Cádiz; y Benaoján, Montejaque, Cortes de la Frontera, Jimera de Líbar y Ronda en la provincia de Málaga
53%
Provincia de Málaga Parque Natural Sierra de las Nieves 28/07/1989 20.163 ha El Burgo, Istán, Monda, Parauta, Ronda, Tolox y Yunquera
48%
Provincia de Huelva Parque Natural Sierra de Aracena y Picos de Aroche 28/07/1989 186.827 ha Alájar, Almonaster la Real, Aracena, Aroche, Arroyomolinos de León, Cala, Cañaveral de León, Castaño del Robledo, Corteconcepción, Cortegana, Cortelazor, Cumbres de Enmedio, Cumbres Mayores, Cumbres de San Bartolomé, Encinasola, Fuenteheridos, Galaroza, Higuera de la Sierra, Hinojales, Jabugo, La Nava, Linares de La Sierra, Los Marines, Puerto Moral, Santa Ana La Real, Santa Olalla del Cala, Valdelarco y Zufre
39%
Provincia de Cádiz Parque Natural Bahía de Cádiz 28/07/1989 10.522 ha San Fernando, Chiclana de la Frontera, Puerto Real, El Puerto de Santa María y Cádiz
37%
Provincia de Jaén Parque Natural de Sierra Mágina 28/07/1989 19.960 ha Albanchez de Mágina, Bédmar y Garcíez, Bélmez de la Moraleda, Cambil, Huelma, Jimena, Jódar, Pegalajar y Torres.
37%
Provincias de Cádiz y Málaga Parque Natural Los Alcornocales 28/07/1989 173.619 ha Alcalá de los Gazules, Algar, Algeciras, Arcos de la Frontera, Benalup, Benaocaz, Castellar de la Frontera, El Bosque, Jerez de la Frontera, Jimena, Los Barrios, Medina-Sidonia, Prado del Rey, San José del Valle, Tarifa y Ubrique en Cadiz. Cortes de la Frontera en Málaga
32%
Provincia de Jaén Parque Natural Despeñaperros 28/07/1989 7.840 ha Santa Elena
27%
Provincia de Córdoba Parque Natural Sierra de Cardeña y Montoro 28/02/1989 38.435 ha Cardeña y Montoro
27%
Provincia de Jaén Parque Natural Sierra de Andújar 28/07/1989 74.916 ha Andújar, Baños de la Encina, Villanueva de la Reina y Marmolejo
25%
Provincia de Córdoba Parque Natural Sierra de Hornachuelos 28/07/1989 60.031 ha Almodóvar del Río, Hornachuelos, Posadas, Villaviciosa de Córdoba y Córdoba
25%
Provincia de Cádiz Parque Natural del Estrecho 29/01/2003 19.177 ha Algeciras y Tarifa
24%
Provincia de Granada Parque Natural Sierra de Baza 28/07/1989 53.649 ha Baza, Caniles, Dólar, Gor y Valle de Zalabí
23%
Provincia de Almeria Parque Natural Sierra María - Los Vélez 29/07/1989 22.562 ha María, Vélez-Rubio, Vélez-Blanco y Chirivel
21%
Provincia de Málaga Parque Natural Montes de Málaga 28/07/1989 4.995 ha Casabermeja, Colmenar y Málaga
20%
Provincia de Granada Parque Natural Sierra de Castril 28/07/1989 12.695 ha Castril
17%
Provincia de Cádiz Parque Natural La Breña y Marismas del Barbate 28/07/1989 5.076 ha Vejer de la Frontera y Barbate
16%
Provincias de Málaga y Granada Parque Natural Sierras de Tejeda, Almijara y Alhama 04/12/1999 40.657 ha Alcaucín, Canillas de Aceituno, Canillas de Albaida, Cómpeta, Frigiliana, Nerja, Salares y Sedella, en la provincia de Málaga.Alhama de Granada, Arenas del Rey, Fornes, Jatar, Jayena y Otívar, en la provincia de Granada
16%
Provincia de Córdoba Parque Natural Sierras Subbéticas 28/07/1989 32.056 ha Cabra, Carcabuey, Doña Mencía, Iznajar, Priego de Córdoba, Rute, Luque y Zuheros
15%
Provincia de Granada Parque Natural Sierra de Huétor 28/07/1989 12.128 ha Cogollos Vega, Beas de Granada, Huétor Santillán, Víznar, Alfacar, Nívar y Diezma
14%
No se encontraron pruebas coincidentes
Distribución de puntuación
Porcentaje de gente con cada puntuación
Porcentaje por número respondido
Historial de tus puntuaciones
No has intentado esta prueba.